000 00580cab a2200229 4500
001 X1417
008 090401t1994 xxu||||| |||| 00| 0 eng d
035 _a(Sirsi) u16969
041 _aeng
245 _aPMA appointments
260 _c1994
350 _a0
490 _aCSM (Chartered Surveyor Monthly)
_v3(7) April 1994, 8(1)
650 _aAPPOINTMENTS
650 _aCHAIRMAN
650 _aPROJECT MANAGEMENT ASSOCIATION
650 _aMANAGEMENT-PROJECT MANAGEMENT
650 _aTREASURER
690 _aProject management
_96261
942 _n0
948 _c04/03/1997
999 _c11239
_d11239